000 00886cab a2200265 4500
001 ABS41947
008 090401t1990 xxu||||| |||| 00| 0 eng d
035 _a(Sirsi) u33643
041 _aeng
100 _aCatt, R.
245 _aPublic sector maintenance can be a lifeline
260 _c1990
350 _a0
490 _aBuilding Today
_v199(5838) 11 January 1990, 38-39(2)
520 _aThe problems of repair ing council housing stock is discussed in the light of the 1986 Audit Commission for England and Wales report that the backlog of maintenance of public housing stock could cost over £10bn to clear.
650 _aDEFECTS
650 _aFLATS
650 _aHUNTER AND PARTNERS
650 _aPRIVATE SECTOR
650 _aRESIDENTIAL
650 _aTENANTS
690 _aBUILDING AND CONSTRUCTION-REPAIRS AND MAINTENANCE
942 _n0
948 _c04/03/1997
999 _c22439
_d22439